| 000 | 00387nam a22001457a 4500 | ||
|---|---|---|---|
| 082 | _aP-445(A) | ||
| 100 |
_aWaseem Abbas, Syndicate No 14 _948233 |
||
| 245 |
_aDesign of prestressed concrete girder bridge _cWaseem Abbas, Sohaib Akhtar |
||
| 260 | _c2010 | ||
| 300 | _a89 P, : | ||
| 526 |
_a0 _b0 _c0 _dP_445A |
||
| 650 | _aProject | ||
| 700 |
_aMuhammad Iqbal _94316 |
||
| 942 |
_2ddc _cBK |
||
| 999 |
_c551235 _d551235 |
||